Top 20 des guerriers les plus puissants de DBZ - Statistiques

Statistiques générales
  • Ce quiz a été pris 289 fois
    284 depuis la dernière actualisation
  • Le résultat moyen est 4 sur 20
Statistiques - réponses
Classement Nom % Correct
17 Freezer
66%
15 Broly
57%
1 Gogéta
43%
2 Végéto
39%
19 Piccolo
32%
3 Janemba
23%
9 Kid Buu
22%
18 C17
21%
20 C18
20%
4 Buuhan
18%
6 Goku SSJ3
15%
11 Dabra
11%
14 Majin Végéta
11%
10 Gohan SSJ2
9%
8 Super Buu
9%
12 Cell parfait
7%
7 Gotenks SSJ3
7%
5 Mystic Gohan
4%
16 Trunks du futur
3%
13 Hirudegarn
0%
Aucun quiz correspondant
Distribution des résultats
% des personnes avec chaque résultat
Percentile par nombre de réponses
Votre historique - résultats
Vous n’avez pas pris ce quiz depuis la dernière actualisation